000 00347nam a2200145Ia 4500
005 20251222144906.0
008 251222s9999||||xx |||||||||||||| ||spa||
020 _a978-84-9751-479-8
082 _a616.89/V23
100 _aVallejo Ruiloba, Julio
245 0 _aTratado de Psiquiatría
250 _a2a.ed.
264 _bArs Medica
942 _cLIB
999 _c22152
_d22152